|
|
|
|
| LEADER |
02983nam a22004218i 4500 |
| 001 |
32102 |
| 003 |
BD-DhAAL |
| 005 |
20180731153241.0 |
| 008 |
170911s2017 nyu 000 0 eng |
| 999 |
|
|
|c 38286
|d 38286
|
| 010 |
|
|
|a 2017000644
|
| 020 |
|
|
|a 9781292147826
|
| 040 |
|
|
|a DLC
|b eng
|e rda
|c DLC
|d BD-DhAAL
|
| 050 |
0 |
0 |
|a HB171.5
|b .P313 2017
|
| 082 |
0 |
0 |
|a 330
|2 23
|
| 100 |
1 |
|
|a Parkin, Michael,
|d 1939-
|e author.
|9 22118
|
| 245 |
1 |
0 |
|a Economics /
|c Michael Parkin, Melanie Powell, Kent Matthews.
|
| 250 |
|
|
|a Tenth Edition.
|
| 264 |
|
1 |
|a New York :
|b Pearson,
|c 2017
|
| 300 |
|
|
|a xxxii, 797 pages :
|b illustrations ;
|c 27 cm.
|
| 500 |
|
|
|a Revised edition of Economics, [2014]
|
| 504 |
|
|
|a Includes bibliographical references and index.
|
| 526 |
|
|
|a ESS
|
| 541 |
|
|
|a STS International
|e 32102, 32103, 32104, 32105, 32106, 33602, 33603, 33604
|
| 650 |
|
0 |
|a Economics.
|9 22119
|
| 700 |
1 |
|
|a Powell, Melanie,
|e author.
|9 22120
|
| 700 |
1 |
|
|a Matthews, Kent,
|e author.
|9 22121
|
| 852 |
|
|
|a Ayesha Abed Library
|c General Stacks
|
| 942 |
|
|
|2 ddc
|c BK
|
| 952 |
|
|
|0 0
|1 4
|2 ddc
|4 0
|6 330_000000000000000_PAR
|7 0
|9 61085
|a BRACUL
|b BRACUL
|c GEN
|d 2017-09-11
|e Trim Education
|g 8463.00
|l 6
|m 22
|o 330 PAR
|p 3010032102
|r 2018-09-09
|s 2018-07-29
|t 1
|v 8463.00
|w 2017-09-11
|y BK
|x Koha Inventory 2020
|
| 952 |
|
|
|0 0
|1 0
|2 ddc
|4 0
|6 330_000000000000000_PAR
|7 0
|9 61086
|a BRACUL
|b BRACUL
|c GEN
|d 2017-09-11
|e Trim Education
|g 8463.00
|l 10
|m 57
|o 330 PAR
|p 3010032105
|r 2026-05-10
|s 2026-04-18
|t 4
|v 8463.00
|w 2017-09-11
|y BK
|
| 952 |
|
|
|0 0
|1 0
|2 ddc
|4 0
|6 330_000000000000000_PAR
|7 0
|9 61087
|a BRACUL
|b BRACUL
|c GEN
|d 2017-09-11
|e Trim Education
|g 8463.00
|l 39
|m 236
|o 330 PAR
|p 3010032106
|q 2026-01-21
|r 2025-10-28
|s 2025-10-28
|t 5
|v 8463.00
|w 2017-09-11
|y BK
|
| 952 |
|
|
|0 0
|1 0
|2 ddc
|4 0
|6 330_000000000000000_PAR
|7 0
|9 61088
|a BRACUL
|b BRACUL
|c GEN
|d 2017-09-11
|e Trim Education
|g 8463.00
|l 44
|m 222
|o 330 PAR
|p 3010032103
|q 2026-06-02
|r 2026-04-16
|s 2026-04-16
|t 2
|v 8463.00
|w 2017-09-11
|y BK
|
| 952 |
|
|
|0 0
|1 0
|2 ddc
|4 0
|6 330_000000000000000_PAR
|7 0
|9 61089
|a BRACUL
|b BRACUL
|c CIR
|d 2017-09-11
|e Trim Education
|g 8463.00
|l 53
|o 330 PAR
|p 3010032104
|r 2026-04-05
|s 2026-04-05
|t 3
|v 8463.00
|w 2017-09-11
|y 1HOUR
|z One hour loan
|x As student demand
|
| 952 |
|
|
|0 0
|1 0
|2 ddc
|4 0
|6 330_000000000000000_PAR
|7 0
|9 64042
|a BRACUL
|b BRACUL
|c GEN
|d 2018-07-26
|e STS International
|g 6300.00
|l 29
|m 118
|o 330 PAR
|p 3010033604
|q 2026-06-02
|r 2026-04-29
|s 2026-04-29
|t 6
|v 12600.00
|w 2018-07-26
|y BK
|
| 952 |
|
|
|0 0
|1 0
|2 ddc
|4 0
|6 330_000000000000000_PAR
|7 0
|9 64043
|a BRACUL
|b BRACUL
|c GEN
|d 2018-07-26
|e STS International
|g 6300.00
|l 27
|m 186
|o 330 PAR
|p 3010033602
|q 2026-06-02
|r 2026-02-19
|s 2026-02-19
|t 7
|v 6300.00
|w 2018-07-26
|y BK
|
| 952 |
|
|
|0 0
|1 0
|2 ddc
|4 0
|6 330_000000000000000_PAR
|7 0
|9 64044
|a BRACUL
|b BRACUL
|c GEN
|d 2018-07-26
|e STS International
|g 6300.00
|l 23
|m 176
|o 330 PAR
|p 3010033603
|r 2025-02-12
|s 2025-02-08
|t 8
|v 6300.00
|w 2018-07-26
|y BK
|
| 952 |
|
|
|0 0
|1 0
|2 ddc
|4 0
|6 330_000000000000000_PAR
|7 0
|9 70212
|a BRACUL
|b BRACUL
|c GEN
|d 2022-03-21
|e Books Paradise
|g 5430.00
|l 18
|m 140
|o 330 PAR
|p 3010038107
|r 2026-04-13
|s 2026-03-28
|t 9
|v 5430.00
|w 2022-03-21
|y BK
|